| 000 | 00877nam a2200217 a 4500 | ||
|---|---|---|---|
| 001 | 000039872 | ||
| 005 | 20201002033801.0 | ||
| 008 | 130725s2002 sp 000 0 spa d | ||
| 020 | _a8400080688 | ||
| 040 |
_aDO-SdBNP _bspa _cBNPHU |
||
| 100 | 1 |
_aValls, Francisco _966080 |
|
| 245 | 1 | 0 |
_aFrancesc Valls : _bMapa armónico práctico (1742a) / Josep Pavia Simó, ed. ; colaboran: José V. González Valle ... [et al.]. |
| 260 |
_aBarcelona : _bInstitución Milá y Fontanals, _c2002. |
||
| 300 |
_a535 p. : ; _c28 cm. |
||
| 490 | 1 |
_aTextos universitarios _v37 |
|
| 500 | _aEd. facsímilar del ejemplar manuscrito conservado en la Biblioteca de la Universidad de Barcelona (manuscrito 783) | ||
| 700 | 1 |
_aPavia i Simó, Josep, _eed. _966081 |
|
| 700 | 1 |
_aGonzález Valle, José _966082 |
|
| 740 | 1 | _aMapa armónico práctico (1742a) | |
| 830 | 0 |
_aTextos universitarios _v37 _91147 |
|
| 999 |
_c39362 _d39362 |
||